Дело с ведомостями о ходе репетиций, спектаклей и прочее

Доступно только в Электронных читальных залах Найти на картеНа карте
RUSMARC
00003703nmc2a22000003x 450
0019279910a-86cf-42d1-a7d4-557ae51c6040
00520181222002411.0
100##$a20170623l18441845k l0rusy0189 ca
1010#$arus
102##$aRU
2001#$aДело с ведомостями о ходе репетиций, спектаклей и прочее
$j12 января 1844 г. - 24 января 1845 г.
251##$cДело
300##$aПо Московской дирекции за 1844 год
300##$aДело
801#0$aRU
$bРГИА
$c20170623
$gRCR
801#1$aRU
$bГлавНИВЦ
$c20170623
$2rusmarc
801#2$aRU
$bПБ им. Б.Н. Ельцина
$c20181222
$gRCR
$2rusmarc
850##$aРГИА
852##$aРГИА
$eФедеральное казенное учреждение "Российский государственный исторический архив" (РГИА)
$j10075
937##$hРГИА
$d12242706
$aASBIBLIO_SCAN
462#0$1001dd3991dc-24e1-42ec-8838-ca4255420416
$12001
$a1746-1850 гг.
$1251
$cОпись
$1852
$j1
461#0$10019264ebf8-de62-4f1a-9eb4-9f22098dbbd5
$12001
$aДирекция императорских театров МИДв
$1251
$cФонд
$1852
$j497
215##$a476 л.
$d36,5х26 см
371##$aДокумент не является опубликованным и широко распространяемым
105##$ay###
1222#$ad
035##$a9279910a-86cf-42d1-a7d4-557ae51c6040
856##$uhttp://readingroom.main.prlib.ru/item.aspx?id_node=n122210577&mode=full
Формат отображения